| 000 | 01713nam a22002297a 4500 | ||
|---|---|---|---|
| 003 | DO-SdBJH | ||
| 005 | 20240612145918.0 | ||
| 008 | 240612b |||||||| |||| 00| 0 spa d | ||
| 040 |
_aDO-SdBJH _bspa _cDO-SdBJH |
||
| 090 |
_aTG EGAEE _b02058 2022 |
||
| 100 | 1 |
_aMinaya Hernández, Natanael Enrique _esustentante |
|
| 245 | 1 | 0 |
_aElementos de transformación que han alcanzado las Fuerzas Armadas de República Dominicana para hacer frente a la nueva amenaza migración masiva irregular haitiana en la frontera terrestre dominico-haitiana, período 2020-2022 / _cNatanael Enrique Minaya Hernández, asesores Jonás Reynoso Barrera, Tebi Rodríguez Hernández |
| 260 |
_aSanto Domingo : _bINSUDE, _c2022 |
||
| 300 | _aiii, 96 páginas, diagramas, fotos, cuadros | ||
| 502 | _aTesis (Maestría en Defensa y Seguridad Nacional). -- Instituto Superior para la Defensa (INSUDE). Escuela de Graduados de Altos Estudios Estratégico, 2022 | ||
| 504 | _aIncluye referencias bibliográficas e índices | ||
| 505 | _aFuerzas Armadas de República Dominicana y su componenete para el cumplimiento de sus tareas misionales en la frontera terrestre dominico haitiana. -- Principales amenazas a la seguridad y defensa nacional en la frontera terrestre dominico-haitiana. -- Elementos de tranformación de las Fuerzas Armadas para eficientizar el cumplimiento de sus tareas misinales y contrarrestar la migración masiva irregular haitiana en la frontera terrestre dominico-haitiana, 2020-2022 | ||
| 700 | 1 |
_aReynoso Barrera, Jonás _easesor |
|
| 700 | 1 |
_aRodríguez Hernández, Tebi _easesor |
|
| 830 | _aINSUDE. Escuela de Graduados de Altos Estudios Estratégico. Tesis y disertaciones académicas | ||
| 942 |
_2CL _cT |
||
| 999 |
_c7747 _d7747 |
||